000 02128nam a22004093i 4500
001 991027372699607026
003 UkOxU
005 20251024151007.0
006 m o d |
007 cr cnu||||||||
008 210901s2020 xx o ||||0 eng d
020 _a9780760368374
035 _a(CKB)4100000011459570
035 _a(MiAaPQ)EBC6352638
035 _a(Au-PeEL)EBL6352638
035 _a(OCoLC)1202459407
035 _a(Perlego)2065681
035 _a(EXLCZ)994100000011459570
040 _aMiAaPQ
_beng
_erda
_epn
_cMiAaPQ
_dMiAaPQ
041 _aeng
_hPersian
050 0 0 _aPK6480.E5
100 _aJalāl al-Dīn Rūmī, Maulana
_d1207-1273
_926332
_eauthor
245 1 4 _aThe love poems of Rumi
_b/ translated by Nader Khalili.
246 _aLove Poems of Rumi
250 _aFirst edition.
260 _aNew York, NY :
_bWellfleet Press,
_c2020.
300 _a128 pages :
_billustratons (color) ;
_c21 cm.
490 _aTimeless Rumi
505 0 _aAn Introduction to Rumi's Love Poetry — Dancing the Flame — Fountain of Fire — About the Translator.
520 _aTranslated by renowned Rumi expert Nader Khalili, over 120 poems about love from the Persian mystic poet and Sufi master have been carefully collected and curated in this beautifully illustrated edition. For more than eight centuries, Jalaluddin Muhammad Balkhi Rumi—commonly referred to simply as Rumi—has enchanted and enthralled readers from every faith and background with his universal themes of love, friendship, and spirituality, which he seamlessly wove into resplendent poetry. The verses herein perfectly express and are centered on the theme of love, along with the quest, desire, and deeper meanings of love for not only ourselves, but also of our fellow humankind.
588 _aDescription based on publisher supplied metadata and other sources.
600 0 0 _aJalāl al-Dīn Rūmī,
_cMaulana,
_d1207-1273
_vTranslations into English.
650 0 _aLove poetry, Persian
_vTranslations into English
_926335
655 0 _aPoetry
_923162
700 _aKhalili, Nader
_926333
_etranslator
942 _2lcc
999 _c5110
_d5110